| 000 | 00685nam a2200205Ii 4500 | ||
|---|---|---|---|
| 003 | JO-AjNU | ||
| 008 | 230605s9999||||xx |||||||||||||| ||und|| | ||
| 020 | _a5-03-000137-9/5-03-000136-6 | ||
| 040 |
_aJO-AjNU _bara _erda _cJO-AjNU |
||
| 041 | _aara | ||
| 050 | 1 | 4 | _aTC145.I5712 1988 |
| 100 | 3 |
_aجريتش واخرون؛ ترجمة داود المنير, _eauthor _951375 |
|
| 245 | 0 | 0 | _aالانشاءات الهيدرولية، ج1 |
| 264 | 3 | 1 | _aموسكو:دار مير،1988 |
| 300 | _aج1، 724ص | ||
| 336 |
_atext _btxt _2rdacontent |
||
| 337 |
_aunmediated _bn _2rdamedia |
||
| 338 |
_avolume _bnc _2rdacarrier |
||
| 650 | 4 |
_aالهندسة الهيدروليكية _951376 |
|
| 999 |
_aA22688 _c26256 _d26256 |
||